| 000 | 00455cam a2200169 i 4500 | ||
|---|---|---|---|
| 005 | 20260406120107.0 | ||
| 008 | 250721s2023 ua gr 000 f eng d | ||
| 020 | _a9789777546980 | ||
| 082 | 1 | 4 |
_aF _bS T O |
| 100 | 1 |
_astoker, bram _eauthor. |
|
| 245 | 1 | 0 |
_aDracula / _cBram Stoker. |
| 264 | 3 | 1 |
_aالجيزة : _bدار الفاروق, _c2023. |
| 300 | _a373 page. | ||
| 650 | 1 | 7 | _aENGLISH FICTION. |
| 942 |
_2ddc _cBK |
||
| 999 |
_c146493 _d146493 |
||